Дело по представлению Курляндского гражданского губернатора о выдаче заграничного паспорта баронессе фон Штемпель

Доступно только в Электронных читальных залах Найти на картеНа карте
RUSMARC
00003677nmc2a2200000 x 450
00185a1feae-92e7-4358-810f-ff4dc28f99e0
00520171109131535.0
100##$a20160819l18461846k l0rusy0189 ca
1010#$arus
102##$aRU
2001#$aДело по представлению Курляндского гражданского губернатора о выдаче заграничного паспорта баронессе фон Штемпель
$j1 апреля 1846 г.
251##$cДело
300##$aДело
801#0$aRU
$bРГИА
$c20160819
$gRCR
801#1$aRU
$bГлавНИВЦ
$c20160819
$2rusmarc
801#2$aRU
$bПБ им. Б.Н. Ельцина
$c20171109
$gRCR
$2rusmarc
850##$aРГИА
852##$aРГИА
$eФедеральное казенное учреждение "Российский государственный исторический архив" (РГИА)
$j174
937##$hРГИА
$d12204649
$aASBIBLIO_SCAN
462#0$1001a27eaba9-7cb9-40a7-a26f-8911768d1c13
$12001
$a1846-1847 гг. Дела Департамента полиции исполнительной за 1846 г.
$1251
$cОпись
$1852
$j10
461#0$10013e300ed0-cd39-49af-8489-5ba5b90fa401
$12001
$aДепартамент полиции исполнительной МВД
$1251
$cФонд
$1852
$j1286
215##$a9 л.
$d36,5х26 см
371##$aДокумент не является опубликованным и широко распространяемым
105##$ay###
1220#$ad
035##$a85a1feae-92e7-4358-810f-ff4dc28f99e0
856##$uhttp://readingroom.main.prlib.ru/item.aspx?id_node=n108806152&mode=full
Формат отображения